00498nam a2200157Ia 450000500170000000800410001702000160005804000190007404100120009308200160010524501460012126000330026730000120030044000180031285000100033020230405104750.0131103s9999 xx 000 0 und d a041517721 5 aLoreto College aEnglish a823.08bMUR aMurder on trialb courtroom mysteries from Ellery Queen's mystery magazine and Alfred Hitchcock's mystery magazine cedited by Cynthia Manson aNew YorkbPenguin Bookc1974 a256 p.  aA signet Book aLCLIB